Podnikanie v poľnohospodárstve a jeho problémy diplomová práca

Salvato in:
Dettagli Bibliografici
Autore principale: Zolotová, Ivana
Ente Autore: Podnikovohospodárska fakulta EU so sídlom v Košiciach. Katedra ekonómie
Altri autori: Kropková, Zlata
Natura: Libro
Lingua:slovacco
Pubblicazione: Košice 2009
Tags: Aggiungi Tag
Nessun Tag, puoi essere il primo ad aggiungerne!!

MARC

LEADER 00000nam$a2200000$$$4500
001 0098796
005 20240827092744.7
041 0 |a slo 
044 |a SK 
245 1 0 |a Podnikanie v poľnohospodárstve a jeho problémy  |b diplomová práca  |c Ivana Zolotová ; škol. Zlata Kropková 
264 1 |a Košice  |c 2009 
300 |a 86 s. 
100 1 |a Zolotová, Ivana 
700 1 |a Kropková, Zlata 
710 2 |a Podnikovohospodárska fakulta EU so sídlom v Košiciach. Katedra ekonómie